000 00811nam a2200265 i 4500
003 DO-SdBNP
005 20260429145112.0
007 ta
008 260429b2017 dr ||||| |||| 00| 0 spa d
020 _a9781978155480
040 _aDO-SdBNP
_bspa
_cBNPHU
_erda
041 _aspa
082 4 _axxx
_bP433b
_222
100 1 _aPerdomo, Miguel Aníbal,
_d1949-
_eautor
_4aut.
_96428
245 1 0 _aBachata Rota /
_cMiguel Aníbal Perdomo
264 4 _aEstados Unidos :
_beditor no identificado,
_c©2017.
300 _a84 páginas ;
_c22 cm.
336 _atexto
_btxt
_2rdacontent
337 _asin mediación
_bn
_2rdamedia
338 _avolumen
_bnc
_2rdacarrier
500 _aIncluye datos biográficos del autor en la contracubierta
590 _aInventariado, 2026/BT
910 _aBtavárez
942 _2ddc
_cLBS1
999 _c60636
_d60636